<?xml version="1.0" encoding="UTF-8"?>
<collection xmlns="http://www.loc.gov/MARC21/slim">
    <record>
        <controlfield tag="001">65313</controlfield>
        <controlfield tag="005">20200117211557.0</controlfield>
        <datafield tag="024" ind1="7" ind2=" ">
            <subfield code="2">doi</subfield>
            <subfield code="a">10.3389/fendo.2017.00374</subfield>
        </datafield>
        <datafield tag="024" ind1="8" ind2=" ">
            <subfield code="2">sideral</subfield>
            <subfield code="a">104189</subfield>
        </datafield>
        <datafield tag="037" ind1=" " ind2=" ">
            <subfield code="a">ART-2018-104189</subfield>
        </datafield>
        <datafield tag="041" ind1=" " ind2=" ">
            <subfield code="a">eng</subfield>
        </datafield>
        <datafield tag="100" ind1=" " ind2=" ">
            <subfield code="a">Maghnie, M.</subfield>
        </datafield>
        <datafield tag="245" ind1=" " ind2=" ">
            <subfield code="a">Short stature diagnosis and referral</subfield>
        </datafield>
        <datafield tag="260" ind1=" " ind2=" ">
            <subfield code="c">2018</subfield>
        </datafield>
        <datafield tag="506" ind1="0" ind2=" ">
            <subfield code="a">Access copy available to the general public</subfield>
            <subfield code="f">Unrestricted</subfield>
        </datafield>
        <datafield tag="520" ind1="3" ind2=" ">
            <subfield code="a">The "360° GH in Europe" meeting, which examined various aspects of GH diseases, was held in Lisbon, Portugal, in June 2016. The Merck KGaA (Germany) funded meeting comprised three sessions entitled "Short Stature Diagnosis and Referral, " "Optimizing Patient Management, " and "Managing Transition." Each session had three speaker presentations, followed by a discussion period, and is reported as a manuscript, authored by the speakers. The first session examined current processes of diagnosis and referral by endocrine specialists for pediatric patients with short stature. Requirements for referral vary widely, by country and by patient characteristics such as age. A balance must be made to ensure eligible patients get referred while healthcare systems are not over-burdened by excessive referrals. Late referral and diagnosis of non-GH deficiency conditions can result in increased morbidity and mortality. The consequent delays in making a diagnosis may compromise the effectiveness of GH treatment. Algorithms for growth monitoring and evaluation of skeletal disproportions can improve identification of non-GH deficiency conditions. Performance and validation of guidelines for diagnosis of GH deficiency have not been sufficiently tested. Provocative tests for investigation of GH deficiency remain equivocal, with insufficient information on variations due to patient characteristics, and cutoff values for definition differ not only by country but also by the assay used. When referring and diagnosing causes of short stature in pediatric patients, clinicians need to rely on many factors, but the most essential is clinical experience.</subfield>
        </datafield>
        <datafield tag="540" ind1=" " ind2=" ">
            <subfield code="9">info:eu-repo/semantics/openAccess</subfield>
            <subfield code="a">by</subfield>
            <subfield code="u">http://creativecommons.org/licenses/by/3.0/es/</subfield>
        </datafield>
        <datafield tag="590" ind1=" " ind2=" ">
            <subfield code="a">3.634</subfield>
            <subfield code="b">2018</subfield>
        </datafield>
        <datafield tag="591" ind1=" " ind2=" ">
            <subfield code="a">ENDOCRINOLOGY &amp; METABOLISM</subfield>
            <subfield code="b">48 / 145 = 0.331</subfield>
            <subfield code="c">2018</subfield>
            <subfield code="d">Q2</subfield>
            <subfield code="e">T2</subfield>
        </datafield>
        <datafield tag="592" ind1=" " ind2=" ">
            <subfield code="a">1.344</subfield>
            <subfield code="b">2018</subfield>
        </datafield>
        <datafield tag="593" ind1=" " ind2=" ">
            <subfield code="a">Endocrinology, Diabetes and Metabolism</subfield>
            <subfield code="c">2018</subfield>
            <subfield code="d">Q1</subfield>
        </datafield>
        <datafield tag="655" ind1=" " ind2="4">
            <subfield code="a">info:eu-repo/semantics/article</subfield>
            <subfield code="v">info:eu-repo/semantics/publishedVersion</subfield>
        </datafield>
        <datafield tag="700" ind1=" " ind2=" ">
            <subfield code="0">(orcid)0000-0003-2832-2266</subfield>
            <subfield code="a">Labarta, J.I.</subfield>
            <subfield code="u">Universidad de Zaragoza</subfield>
        </datafield>
        <datafield tag="700" ind1=" " ind2=" ">
            <subfield code="a">Koledova, E.</subfield>
        </datafield>
        <datafield tag="700" ind1=" " ind2=" ">
            <subfield code="a">Rohrer, T.R.</subfield>
        </datafield>
        <datafield tag="710" ind1="2" ind2=" ">
            <subfield code="1">1010</subfield>
            <subfield code="2">670</subfield>
            <subfield code="a">Universidad de Zaragoza</subfield>
            <subfield code="b">Dpto. Pediatría Radiol.Med.Fís</subfield>
            <subfield code="c">Área Pediatría</subfield>
        </datafield>
        <datafield tag="773" ind1=" " ind2=" ">
            <subfield code="g">8, JAN (2018), Art. 374 [7 pp]</subfield>
            <subfield code="p">Front. endocrinol.</subfield>
            <subfield code="t">Frontiers in Endocrinology</subfield>
            <subfield code="x">1664-2392</subfield>
        </datafield>
        <datafield tag="856" ind1="4" ind2=" ">
            <subfield code="s">187191</subfield>
            <subfield code="u">http://zaguan.unizar.es/record/65313/files/texto_completo.pdf</subfield>
            <subfield code="y">Versión publicada</subfield>
        </datafield>
        <datafield tag="856" ind1="4" ind2=" ">
            <subfield code="s">103830</subfield>
            <subfield code="u">http://zaguan.unizar.es/record/65313/files/texto_completo.jpg?subformat=icon</subfield>
            <subfield code="x">icon</subfield>
            <subfield code="y">Versión publicada</subfield>
        </datafield>
        <datafield tag="909" ind1="C" ind2="O">
            <subfield code="o">oai:zaguan.unizar.es:65313</subfield>
            <subfield code="p">articulos</subfield>
            <subfield code="p">driver</subfield>
        </datafield>
        <datafield tag="951" ind1=" " ind2=" ">
            <subfield code="a">2020-01-17-21:09:13</subfield>
        </datafield>
        <datafield tag="980" ind1=" " ind2=" ">
            <subfield code="a">ARTICLE</subfield>
        </datafield>
    </record>

    
</collection>